[Event "Oregon Closed Invitational"]
[Site "Portland, OR"]
[Date "2016.02.06"]
[Round "2"]
[White "Surak, Steve S"]
[Black "Sherrard, Jerry"]
[Result "0-1"]
[WhiteElo "1960"]
[BlackElo "2051"]
[PlyCount "54"]
[EventDate "2016.02.06"]
[EventType "tourn"]
[EventRounds "9"]
[EventCountry "USA"]

1. d4 Nf6 2. Nc3 d5 3. e4 Nxe4 4. Nxe4 dxe4 5. Bc4 Nc6 6. c3 e5 7. Qb3 Qf6 8.
Ne2 Be7 9. d5 Nd8 10. Ng3 Qh4 11. O-O f5 12. f4 exf3 13. Rxf3 f4 14. Bb5+ Kf8
15. Bxf4 exf4 16. Ne4 g5 17. Raf1 Qh6 18. c4 Qb6+ 19. Kh1 Qd4 20. Re1 Bf5 21.
Ng3 Bg6 22. Ne2 Qe5 23. Qd1 Qf6 24. Nxf4 gxf4 25. Ref1 Bd6 26. c5 Be5 27. d6
Bh5 0-1

[Event "Oregon Closed Invitational"]
[Site "Portland, OR"]
[Date "2016.02.06"]
[Round "2"]
[White "Heywood, Bill"]
[Black "Jacobi, Gunther"]
[Result "1/2-1/2"]
[WhiteElo "2048"]
[BlackElo "1941"]
[PlyCount "49"]
[EventDate "2016.02.06"]
[EventType "tourn"]
[EventRounds "9"]
[EventCountry "USA"]

1. d4 Nf6 2. Nf3 e6 3. g3 d5 4. Bg2 c5 5. O-O Nc6 6. c3 Be7 7. dxc5 Bxc5 8.
Nbd2 O-O 9. Qc2 e5 10. b4 Bd6 11. b5 Ne7 12. e4 dxe4 13. Nxe4 Nxe4 14. Qxe4 Bf5
15. Qe2 Qc7 16. Bd2 f6 17. Rfe1 Rad8 18. a4 Bc5 19. Qc4+ Kh8 20. Be3 Rc8 21.
Qxc5 Qxc5 22. Bxc5 Rxc5 23. Nd2 Rd8 24. Nf1 b6 25. Red1 1/2-1/2

[Event "Oregon Closed Invitational"]
[Site "Portland, OR"]
[Date "2016.02.06"]
[Round "2"]
[White "Rachmuth, Moshe Shai"]
[Black "O'Connell, Sean"]
[Result "1-0"]
[WhiteElo "1882"]
[BlackElo "1970"]
[PlyCount "71"]
[EventDate "2016.02.06"]
[EventType "tourn"]
[EventRounds "9"]
[EventCountry "USA"]

1. d4 d6 2. e4 g6 3. Nc3 Bg7 4. Bg5 a6 5. f4 b5 6. Nf3 Nd7 7. Bd3 Bb7 8. Qd2 c5
9. d5 Qc7 10. Nd1 Ngf6 11. c3 O-O 12. O-O h6 13. Bh4 e6 14. dxe6 fxe6 15. Nf2
e5 16. fxe5 dxe5 17. Bc2 Rf7 18. Rad1 Bf8 19. h3 Nh5 20. Ng4 Nf4 21. Qxd7 Rxd7
22. Rxd7 Qc6 23. Nf6+ Qxf6 24. Bxf6 Bc6 25. Rc7 Be8 26. Bxe5 Ne6 27. Rb7 Bc6
28. Rb6 Rc8 29. Rb8 Re8 30. Rxe8 Bxe8 31. Rd1 Be7 32. Bd6 Bf6 33. e5 Bg7 34.
Be4 Kh7 35. Kh2 h5 36. g3 1-0

[Event "Oregon Closed Invitational"]
[Site "Portland, OR"]
[Date "2016.02.07"]
[Round "3"]
[White "Sherrard, Jerry"]
[Black "O'Connell, Sean"]
[Result "1/2-1/2"]
[WhiteElo "2051"]
[BlackElo "1970"]
[PlyCount "140"]
[EventDate "2016.02.06"]
[EventType "tourn"]
[EventRounds "9"]
[EventCountry "USA"]

1. e4 g6 2. d4 c6 3. Nc3 Bg7 4. Bc4 d5 5. exd5 b5 6. Bb3 b4 7. Nce2 cxd5 8. a3
bxa3 9. Rxa3 Nf6 10. Nf3 O-O 11. O-O Bg4 12. Ne5 Bxe2 13. Qxe2 Nbd7 14. Nxd7
Qxd7 15. c3 e6 16. Qa6 Qc7 17. h3 Rfb8 18. Bc2 Rb6 19. Qe2 Bf8 20. Ra2 Rab8 21.
Bd3 Ne8 22. Bg5 f5 23. g3 Qf7 24. Re1 Ng7 25. Bf4 R8b7 26. b4 Nh5 27. Be5 Nf6
28. Bxf6 Qxf6 29. Ra6 Rxa6 30. Bxa6 Rc7 31. Qf3 Bd6 32. Bf1 Kf7 33. Ra1 Ke7 34.
Ra6 Qg5 35. Ra1 Qd2 36. b5 Qb2 37. Ra6 Rxc3 38. Rxa7+ Kf6 39. Ra2 Qb4 40. Qd1
Qb3 41. Qxb3 Rxb3 42. Kg2 Bb4 43. Ra4 Rb2 44. Kg1 Be1 45. g4 Bxf2+ 46. Kh1 fxg4
47. hxg4 Kg5 48. Ra6 Bxd4 49. Rxe6 Rf2 50. Bg2 Kxg4 51. Rd6 Rb2 52. Rxd5 Rb1+
53. Kh2 Bg1+ 54. Kh1 Bf2+ 55. Bf1 h5 56. Kg2 Be3 57. Be2+ Kf4 58. Bxh5 Rg1+ 59.
Kh2 gxh5 60. Rxh5 Rg6 61. Rh7 Kg4 62. Rh8 Kf3 63. Rh3+ Kf2 64. Rh4 Bg5 65. Rh7
Bf4+ 66. Kh3 Kf3 67. Kh4 Rg1 68. Kh5 Rg5+ 69. Kh6 Kg4 70. Rg7 Rxg7+ 1/2-1/2

[Event "Oregon Closed Invitational"]
[Site "Portland, OR"]
[Date "2016.02.07"]
[Round "3"]
[White "Koontz, Carl A"]
[Black "Rachmuth, Moshe Shai"]
[Result "1/2-1/2"]
[WhiteElo "1936"]
[BlackElo "1882"]
[PlyCount "92"]
[EventDate "2016.02.06"]
[EventType "tourn"]
[EventRounds "9"]
[EventCountry "USA"]

1. c4 Nc6 2. Nc3 e5 3. d3 Nf6 4. g3 d5 5. cxd5 Nxd5 6. Bg2 Be6 7. Nf3 f6 8. O-O
Qd7 9. Ne1 O-O-O 10. h4 Kb8 11. Bd2 h5 12. Ne4 Bh3 13. Nf3 Bxg2 14. Kxg2 Be7
15. Rc1 g5 16. Nc5 Bxc5 17. Rxc5 gxh4 18. Nxh4 Nd4 19. e3 Ne6 20. Ra5 Ng5 21.
Rh1 Nb6 22. Bc3 Qxd3 23. Qxd3 Rxd3 24. Rc1 Nd5 25. Be1 Rd8 26. Nf5 Rd7 27. Ra4
e4 28. Nd4 Rd6 29. Rac4 Rb6 30. Rc5 c6 31. b3 Nb4 32. Bxb4 Rxb4 33. Rf5 Rd2 34.
Rxf6 Rxa2 35. Rfxc6 bxc6 36. Nxc6+ Kb7 37. Nxb4 Rb2 38. Nd5 Rxb3 39. Nf4 Kb6
40. Nxh5 a5 41. Ra1 Kb5 42. g4 a4 43. Kg3 a3 44. Kf4 Nh3+ 45. Kg3 Ng5 46. Kf4
Nh3+ 1/2-1/2

[Event "Oregon Closed Invitational"]
[Site "Portland, OR"]
[Date "2016.02.07"]
[Round "3"]
[White "Deeth, Steven B"]
[Black "Heywood, Bill"]
[Result "0-1"]
[WhiteElo "2062"]
[BlackElo "2048"]
[PlyCount "80"]
[EventDate "2016.02.06"]
[EventType "tourn"]
[EventRounds "9"]
[EventCountry "USA"]

1. d4 Nf6 2. c4 e6 3. Nc3 Bb4 4. e3 Nc6 5. Nge2 O-O 6. a3 Be7 7. Ng3 d6 8. Bd3
e5 9. d5 Nb8 10. O-O a5 11. Bd2 Nbd7 12. b4 c6 13. e4 Ne8 14. Nce2 Bg5 15. Bc3
axb4 16. axb4 Rxa1 17. Qxa1 g6 18. Rd1 cxd5 19. cxd5 h5 20. Nf1 h4 21. h3 f5
22. f4 exf4 23. exf5 gxf5 24. Nd4 Ne5 25. Ne6 Bxe6 26. dxe6 Qf6 27. Bb1 Qxe6
28. Ba2 Nc4 29. Nd2 d5 30. Nf3 Bf6 31. Nd4 Qe3+ 32. Kh1 Ned6 33. Re1 Qg3 34.
Bxc4 dxc4 35. Ne2 Bxc3 36. Nxc3 f3 37. Rg1 f2 38. Rf1 Re8 39. Qd1 Re1 40. Qd5+
Kh7 0-1

[Event "Oregon Closed Invitational"]
[Site "Portland, OR"]
[Date "2016.02.07"]
[Round "3"]
[White "Freeze, Gregory"]
[Black "Surak, Steve S"]
[Result "1-0"]
[WhiteElo "2048"]
[BlackElo "1960"]
[PlyCount "75"]
[EventDate "2016.02.06"]
[EventType "tourn"]
[EventRounds "9"]
[EventCountry "USA"]

1. c4 e6 2. g3 d5 3. Bg2 c5 4. Nf3 Nc6 5. O-O Nf6 6. d4 Be7 7. Bg5 O-O 8. cxd5
exd5 9. Nc3 Re8 10. dxc5 d4 11. Nb5 Bg4 12. Qc2 a6 13. Na3 Qd5 14. Nc4 Qxc5 15.
Bxf6 Bxf6 16. Rac1 Rad8 17. Qd1 Qh5 18. Re1 d3 19. Ncd2 Bxb2 20. Rc4 Bf6 21.
exd3 Ne5 22. Rce4 Rxd3 23. R1e3 Rxe3 24. Rxe3 Rd8 25. Qa4 b5 26. Qe4 Bf5 27.
Qb7 Ng4 28. Re7 Bxe7 29. Qxe7 Rc8 30. h3 Nf6 31. g4 Nxg4 32. hxg4 Bxg4 33. Ne5
Be6 34. Nc6 Qd1+ 35. Nf1 Rf8 36. Qa3 Qd7 37. Ne7+ Kh8 38. Ng6+ 1-0

[Event "Oregon Closed Invitational"]
[Site "Portland, OR"]
[Date "2016.02.07"]
[Round "4"]
[White "Heywood, Bill"]
[Black "Freeze, Gregory"]
[Result "1-0"]
[WhiteElo "2048"]
[BlackElo "2048"]
[PlyCount "61"]
[EventDate "2016.02.06"]
[EventType "tourn"]
[EventRounds "9"]
[EventCountry "USA"]

1. c4 Nf6 2. Nc3 e6 3. Nf3 d5 4. e3 c5 5. d4 Be7 6. cxd5 exd5 7. Bd3 O-O 8. h3
Nc6 9. O-O Be6 10. a3 c4 11. Bc2 Re8 12. Re1 h6 13. b3 cxb3 14. Bxb3 Bf5 15.
Ne5 Rc8 16. Bd2 Bf8 17. f4 Be4 18. Ng4 Nxg4 19. hxg4 Na5 20. Nxe4 Rxe4 21. Bc2
Re6 22. Bxa5 Qxa5 23. Bf5 Rec6 24. Bxc8 Rxc8 25. Qb3 Rc3 26. Qxb7 Rxa3 27. Qb2
Ra4 28. Rec1 Ba3 29. Rc8+ Bf8 30. Rb1 Ra2 31. Qb4 1-0

[Event "Oregon Closed Invitational"]
[Site "Portland, OR"]
[Date "2016.02.07"]
[Round "4"]
[White "Rachmuth, Moshe Shai"]
[Black "Deeth, Steven B"]
[Result "0-1"]
[WhiteElo "1882"]
[BlackElo "2062"]
[PlyCount "68"]
[EventDate "2016.02.06"]
[EventType "tourn"]
[EventRounds "9"]
[EventCountry "USA"]

1. d4 d5 2. Nf3 Nf6 3. g3 Bf5 4. Bg2 c6 5. c4 dxc4 6. Ne5 e6 7. O-O Nbd7 8.
Nxc4 Be7 9. Nc3 O-O 10. e4 Bg6 11. Qb3 b5 12. Nd2 b4 13. Ne2 Rc8 14. Nf4 Nb6
15. Nxg6 hxg6 16. e5 Nfd5 17. Ne4 Nd7 18. Rd1 Qb6 19. Bg5 Bxg5 20. Nxg5 Rfd8
21. Qf3 Rf8 22. Bh3 c5 23. Qe4 Rfd8 24. Rd3 Nf8 25. Rad1 c4 26. Rf3 Rc7 27. Qh4
Re8 28. Ne4 c3 29. bxc3 bxc3 30. Bf1 c2 31. g4 cxd1=Q 32. Rh3 f6 33. Nd6 Qxd6
34. exd6 Rc1 0-1

[Event "Oregon Closed Invitational"]
[Site "Portland, OR"]
[Date "2016.02.07"]
[Round "4"]
[White "O'Connell, Sean"]
[Black "Koontz, Carl A"]
[Result "1/2-1/2"]
[WhiteElo "1970"]
[BlackElo "1936"]
[PlyCount "89"]
[EventDate "2016.02.06"]
[EventType "tourn"]
[EventRounds "9"]
[EventCountry "USA"]

1. Nf3 d5 2. g3 g6 3. Bg2 Bg7 4. O-O Nf6 5. d3 O-O 6. Nbd2 Nc6 7. e4 dxe4 8.
dxe4 h6 9. c3 e5 10. Qc2 Be6 11. h3 Qd7 12. Kh2 Rad8 13. Re1 Qc8 14. Nb3 b6 15.
Nfd2 a5 16. a4 Qd7 17. Bf1 Qe7 18. Nc4 Nh5 19. Ne3 f5 20. exf5 gxf5 21. Bc4
Bxc4 22. Nxc4 Qf7 23. Qe2 e4 24. Ncd2 Ne5 25. Nd4 Rfe8 26. Nf1 c5 27. Nxf5 Nf3+
28. Kh1 Nxe1 29. Nxg7 Kxg7 30. Qxe1 Qf3+ 31. Kg1 Nf6 32. Be3 Rd3 33. Nd2 Qf5
34. c4 Qxh3 35. Qf1 Qxf1+ 36. Kxf1 Ng4 37. Ke2 Nxe3 38. fxe3 Rd6 39. Rh1 Kg6
40. Rh4 Rde6 41. Nb1 Re5 42. Nc3 R8e6 43. Nd5 Kg7 44. Nf4 Re7 45. Nh5+ 1/2-1/2

[Event "Oregon Closed Invitational"]
[Site "Portland, OR"]
[Date "2016.02.07"]
[Round "4"]
[White "Jacobi, Gunther"]
[Black "Sherrard, Jerry"]
[Result "0-1"]
[WhiteElo "1941"]
[BlackElo "2051"]
[PlyCount "76"]
[EventDate "2016.02.06"]
[EventType "tourn"]
[EventRounds "9"]
[EventCountry "USA"]

1. d4 Nf6 2. Bf4 c5 3. dxc5 Qa5+ 4. Nd2 Qxc5 5. e3 Nc6 6. Ngf3 g6 7. Be2 Bg7 8.
c3 d6 9. O-O Bg4 10. h3 Bxf3 11. Bxf3 O-O 12. e4 Ne5 13. Be2 Ned7 14. Be3 Qc6
15. Bf3 Ne5 16. Be2 Nxe4 17. Nb3 Qc7 18. Re1 Nc5 19. f4 Ned7 20. Bf3 Nb6 21.
Qe2 e6 22. Rad1 Nxb3 23. axb3 d5 24. Qb5 Qc6 25. Qb4 Rfd8 26. Ra1 Bf8 27. Qa5
Qd6 28. Qb5 Bh6 29. Rxa7 Rxa7 30. Bxb6 Ra2 31. Bxd8 Qxd8 32. f5 gxf5 33. Qxb7
Rxb2 34. Bh5 Qf6 35. Qb8+ Kg7 36. Qg3+ Qg5 37. Qf3 Rxb3 38. Ra1 Qe3+ 0-1

[Event "Oregon Closed Invitational"]
[Site "Portland, OR"]
[Date "2016.02.13"]
[Round "5"]
[White "Deeth, Steven B"]
[Black "Sherrard, Jerry"]
[Result "1/2-1/2"]
[WhiteElo "2062"]
[BlackElo "2051"]
[PlyCount "27"]
[EventDate "2016.02.06"]
[EventType "tourn"]
[EventRounds "9"]
[EventCountry "USA"]

1. d4 Nf6 2. c4 e6 3. Nc3 Bb4 4. e3 b6 5. Nge2 Ba6 6. Ng3 O-O 7. Be2 d5 8. cxd5
Bxe2 9. Qxe2 Nxd5 10. Bd2 Qe7 11. O-O Nxc3 12. Bxc3 Bxc3 13. bxc3 c5 14. Qf3
1/2-1/2

[Event "Oregon Closed Invitational"]
[Site "Portland, OR"]
[Date "2016.02.13"]
[Round "5"]
[White "Freeze, Gregory"]
[Black "Jacobi, Gunther"]
[Result "0-1"]
[WhiteElo "2048"]
[BlackElo "1941"]
[PlyCount "80"]
[EventDate "2016.02.06"]
[EventType "tourn"]
[EventRounds "9"]
[EventCountry "USA"]

1. d4 Nf6 2. Nf3 e6 3. g3 d5 4. Bg2 c5 5. O-O Nc6 6. c4 dxc4 7. Qa4 Bd7 8. Qxc4
b5 9. Qd3 Nb4 10. Qd1 Rc8 11. a3 Nbd5 12. Re1 cxd4 13. Nxd4 Be7 14. e4 Nb6 15.
Nc3 b4 16. axb4 Bxb4 17. Rxa7 O-O 18. Bg5 e5 19. Nde2 Be6 20. Qa1 Nc4 21. Rd1
Qb6 22. Bxf6 gxf6 23. Ra6 Qc7 24. Nd5 Bxd5 25. Rxd5 Nd6 26. Qa4 Qc4 27. Nc3
Bxc3 28. bxc3 Qxa4 29. Rxa4 Rc6 30. f4 Nc4 31. Ra1 Rb8 32. Rd3 Rcb6 33. Rad1
Kg7 34. Rd7 Ne3 35. R1d2 Rb1+ 36. Kf2 Nc4 37. Rd1 R8b2+ 38. Kf3 Rxd1 39. Rxd1
Rxg2 40. Kxg2 Ne3+ 0-1

[Event "Oregon Closed Invitational"]
[Site "Portland, OR"]
[Date "2016.02.13"]
[Round "5"]
[White "Surak, Steve S"]
[Black "O'Connell, Sean"]
[Result "1-0"]
[WhiteElo "1960"]
[BlackElo "1970"]
[PlyCount "82"]
[EventDate "2016.02.06"]
[EventType "tourn"]
[EventRounds "9"]
[EventCountry "USA"]

1. d4 d6 2. e4 Nf6 3. Nc3 c6 4. f4 c5 5. dxc5 Qa5 6. e5 dxe5 7. fxe5 Ne4 8. Bd2
Nxd2 9. Qxd2 Nc6 10. O-O-O Be6 11. Nb5 Qxd2+ 12. Rxd2 Rc8 13. Nf3 g6 14. Kb1
Bh6 15. Rd1 O-O 16. Be2 Rfd8 17. Nfd4 Nxd4 18. Nxd4 Bd5 19. Bf3 Rxc5 20. Nb3
Rb5 21. a4 Rxb3 22. cxb3 e6 23. Rd3 Bf4 24. g3 Bxe5 25. Rhd1 Re8 26. Bxd5 exd5
27. Rxd5 Bf6 28. R1d2 Re4 29. Rd7 Bg5 30. Rc2 Re1+ 31. Ka2 Rf1 32. b4 b6 33.
Rxa7 h5 34. a5 bxa5 35. bxa5 h4 36. gxh4 Bxh4 37. Rb7 Rf4 38. Ka3 Be1 39. a6
Rf6 40. a7 Ra6+ 41. Kb3 Kg7 1-0

[Event "Oregon Closed Invitational"]
[Site "Portland, OR"]
[Date "2016.02.13"]
[Round "5"]
[White "Heywood, Bill"]
[Black "Rachmuth, Moshe Shai"]
[Result "1/2-1/2"]
[WhiteElo "2048"]
[BlackElo "1882"]
[PlyCount "53"]
[EventDate "2016.02.06"]
[EventType "tourn"]
[EventRounds "9"]
[EventCountry "USA"]

1. Nf3 d5 2. g3 Nc6 3. Bg2 e5 4. d3 f6 5. Nbd2 Be6 6. O-O Qd7 7. c4 O-O-O 8.
cxd5 Bxd5 9. Qa4 Kb8 10. a3 g5 11. Rd1 h5 12. h4 g4 13. Ne1 Bxg2 14. Nxg2 f5
15. Nc4 Bh6 16. Bxh6 Rxh6 17. Qb5 Re6 18. Na5 Nxa5 19. Qxa5 Ne7 20. Rac1 Nc6
21. Qa4 Nd4 22. Qxd7 Rxd7 23. Kf1 Rb6 24. b4 Ra6 25. Rc5 Re7 26. e3 Nf3 27. Rc3
1/2-1/2

[Event "Oregon Closed Invitational"]
[Site "Portland, OR"]
[Date "2016.02.13"]
[Round "6"]
[White "O'Connell, Sean"]
[Black "Heywood, Bill"]
[Result "0-1"]
[WhiteElo "1970"]
[BlackElo "2048"]
[PlyCount "56"]
[EventDate "2016.02.06"]
[EventType "tourn"]
[EventRounds "9"]
[EventCountry "USA"]

1. Nf3 Nf6 2. g3 b6 3. Bg2 Bb7 4. O-O e6 5. d3 d5 6. Nbd2 Bc5 7. h3 O-O 8. Re1
h6 9. e4 dxe4 10. dxe4 Nxe4 11. Nxe4 Qxd1 12. Rxd1 Bxe4 13. Bf4 Na6 14. c3 g5
15. Be5 f6 16. Bd4 e5 17. b4 exd4 18. bxc5 dxc3 19. Nd4 Bxg2 20. Kxg2 Nxc5 21.
Nf5 h5 22. Rac1 Rad8 23. Rxd8 Rxd8 24. Rxc3 Kf7 25. Re3 Rd7 26. f4 gxf4 27.
gxf4 Rd5 28. Re7+ Kf8 0-1

[Event "Oregon Closed Invitational"]
[Site "Portland, OR"]
[Date "2016.02.13"]
[Round "6"]
[White "Jacobi, Gunther"]
[Black "Surak, Steve S"]
[Result "1-0"]
[WhiteElo "1941"]
[BlackElo "1960"]
[PlyCount "71"]
[EventDate "2016.02.06"]
[EventType "tourn"]
[EventRounds "9"]
[EventCountry "USA"]

1. c4 e6 2. Nf3 d5 3. e3 c5 4. d4 Nf6 5. Nc3 a6 6. dxc5 Bxc5 7. cxd5 exd5 8.
Be2 O-O 9. O-O Nc6 10. b3 Bg4 11. Bb2 Rc8 12. Rc1 Ba7 13. h3 Be6 14. Na4 Ne4
15. Bd3 b5 16. Nc3 f5 17. Ne2 Bb8 18. Nf4 Qd6 19. Bb1 g5 20. Rxc6 Rxc6 21. Qd4
Nc3 22. Bxc3 Rxc3 23. Nxg5 Qe5 24. Qxe5 Bxe5 25. Ngxe6 Rf6 26. Nd4 Bxf4 27.
exf4 Kf7 28. Bxf5 h6 29. g3 Ke7 30. Re1+ Kd6 31. Re5 Rc1+ 32. Kg2 Ra1 33. Nc2
Rxa2 34. Nb4 Rd2 35. Nxa6 Rd4 36. Kf3 1-0

[Event "Oregon Closed Invitational"]
[Site "Portland, OR"]
[Date "2016.02.13"]
[Round "6"]
[White "Sherrard, Jerry"]
[Black "Freeze, Gregory"]
[Result "1/2-1/2"]
[WhiteElo "2051"]
[BlackElo "2048"]
[PlyCount "47"]
[EventDate "2016.02.06"]
[EventType "tourn"]
[EventRounds "9"]
[EventCountry "USA"]

1. e4 e5 2. Nf3 Nf6 3. Nxe5 d6 4. Nf3 Nxe4 5. Nc3 Nxc3 6. dxc3 Be7 7. Bf4 O-O
8. Qd2 Nd7 9. O-O-O Nc5 10. Be3 Bg4 11. Qd4 Be6 12. Kb1 Bf6 13. Qf4 Qe8 14. Bc4
Bxc4 15. Qxc4 Ne6 16. Rhe1 b5 17. Qg4 a5 18. Bd4 Qd8 19. Bxf6 Qxf6 20. Nd4 Nxd4
21. Qxd4 Qxd4 22. Rxd4 Rfe8 23. Rde4 Kf8 24. Rxe8+ 1/2-1/2

[Event "Oregon Closed Invitational"]
[Site "Portland, OR"]
[Date "2016.02.13"]
[Round "6"]
[White "Koontz, Carl A"]
[Black "Deeth, Steven B"]
[Result "1-0"]
[WhiteElo "1936"]
[BlackElo "2062"]
[PlyCount "121"]
[EventDate "2016.02.06"]
[EventType "tourn"]
[EventRounds "9"]
[EventCountry "USA"]

1. c4 c5 2. g3 Nc6 3. Bg2 g6 4. Nc3 Bg7 5. d3 d6 6. e3 e5 7. Nge2 Nge7 8. Nd5
O-O 9. Nec3 Rb8 10. O-O a6 11. a4 b6 12. Rb1 a5 13. b3 Nxd5 14. Nxd5 Ne7 15.
Bb2 Nxd5 16. Bxd5 Bb7 17. Qf3 Qc7 18. Rfd1 Rfe8 19. Bxb7 Qxb7 20. Qxb7 Rxb7 21.
e4 Bh6 22. Bc1 Kg7 23. Rf1 Bxc1 24. Rbxc1 f5 25. Rc2 f4 26. gxf4 exf4 27. f3
Kf6 28. d4 g5 29. Rd1 g4 30. Kf2 h5 31. dxc5 dxc5 32. Rd6+ Re6 33. Rcd2 Rg7 34.
R2d5 g3+ 35. hxg3 fxg3+ 36. Kg2 Rxd6 37. Rxd6+ Ke5 38. Rd5+ Kf4 39. Rxh5 Rg6
40. Rh4+ Ke5 41. Rg4 Rd6 42. Rg5+ Kf4 43. Rg4+ Ke5 44. Kxg3 Rd3 45. Rg5+ Kf6
46. Kg4 Rxb3 47. e5+ Kf7 48. f4 Rb4 49. Rf5+ Ke7 50. Rf6 Rxa4 51. Rxb6 Rxc4 52.
Kf5 a4 53. Rb7+ Kf8 54. Ra7 Rb4 55. e6 c4 56. Kf6 Rb8 57. Rxa4 Rc8 58. Ra1 c3
59. Rh1 Kg8 60. Rg1+ Kh7 61. Kf7 1-0

[Event "Oregon Closed Invitational"]
[Site "Portland, OR"]
[Date "2016.02.10"]
[Round "7"]
[White "Koontz, Carl A"]
[Black "Jacobi, Gunther"]
[Result "0-1"]
[WhiteElo "1936"]
[BlackElo "1941"]
[PlyCount "138"]
[EventDate "2016.02.06"]
[EventType "tourn"]
[EventRounds "9"]
[EventCountry "USA"]

1. c4 e5 2. Nc3 Nf6 3. d3 Bb4 4. Nf3 Nc6 5. g3 O-O 6. Bg2 d5 7. cxd5 Nxd5 8.
Bd2 Nb6 9. O-O f6 10. a3 Be7 11. b4 Be6 12. Be3 Nd4 13. Nd2 c6 14. Nde4 f5 15.
Nd2 Qd7 16. Bxd4 Qxd4 17. Rc1 Rad8 18. Qc2 Kh8 19. Nf3 Qd6 20. Rfd1 Bf6 21. Na4
Nxa4 22. Qxa4 a6 23. Qc2 g5 24. h3 Qe7 25. Qc5 Qg7 26. e3 Rd5 27. Qc2 Rfd8 28.
Ne1 R5d7 29. a4 Qf7 30. Rb1 Bd5 31. Nf3 e4 32. Nd4 Bxd4 33. exd4 exd3 34. Rxd3
Bxg2 35. Kxg2 Qd5+ 36. Kh2 Qe4 37. Qc3 Kg8 38. Re1 Qd5 39. Qd2 h6 40. Qe3 Qf7
41. h4 Qf6 42. hxg5 hxg5 43. Kg2 Rh7 44. Rdd1 f4 45. Qe5 Rf8 46. f3 fxg3 47.
Qe6+ Rhf7 48. Qxf6 Rxf6 49. Re5 Rf5 50. Rde1 Kg7 51. Re7+ R8f7 52. Kxg3 Rxf3+
53. Kg4 R3f4+ 54. Kxg5 Rxd4 55. R1e4 Rd5+ 56. Kg4 Kg6 57. R4e6+ Kg7 58. Re4 Rd6
59. Kg5 Rg6+ 60. Kh5 Rg1 61. R4e6 Rh1+ 62. Kg5 Rg1+ 63. Kh5 Rgf1 64. Kg5 R1f5+
65. Kg4 Rf4+ 66. Kg5 Rxb4 67. Re8 Rd7 68. Rg6+ Kf7 69. Reg8 Rd5+ 0-1

[Event "Oregon Closed Invitational"]
[Site "Portland, OR"]
[Date "2016.02.14"]
[Round "7"]
[White "Deeth, Steven B"]
[Black "O'Connell, Sean"]
[Result "0-1"]
[WhiteElo "2062"]
[BlackElo "1970"]
[PlyCount "82"]
[EventDate "2016.02.06"]
[EventType "tourn"]
[EventRounds "9"]
[EventCountry "USA"]

1. d4 d6 2. c4 e5 3. d5 g6 4. e4 Nd7 5. Bd3 Bg7 6. Nc3 h5 7. Nge2 a5 8. Be3 Bh6
9. Qd2 Bxe3 10. Qxe3 Nc5 11. Bc2 Nh6 12. h3 Bd7 13. O-O-O f6 14. g4 Nf7 15.
gxh5 Rxh5 16. Rdg1 Rg5 17. Rxg5 fxg5 18. Qg3 Qf6 19. h4 g4 20. Nd1 Ke7 21. Ne3
Nh6 22. Nc3 Rf8 23. Rh2 Qh8 24. Rg2 Rf3 25. Qh2 Rh3 26. Qg1 Rxh4 27. Bd1 Nd3+
28. Kc2 Nf4 29. Rh2 Qf6 30. Rxh4 Qxh4 31. Kd2 g5 32. Qg3 Ng6 33. Bc2 Qh3 34.
Ne2 Nh4 35. Kc3 Nf3 36. b3 Qh1 37. Kb2 Qe1 38. Nc1 Nd4 39. Nd3 Qd2 40. Qh2 Nf7
41. c5 Nxc2 0-1

[Event "Oregon Closed Invitational"]
[Site "Portland, OR"]
[Date "2016.02.14"]
[Round "7"]
[White "Freeze, Gregory"]
[Black "Rachmuth, Moshe Shai"]
[Result "1-0"]
[WhiteElo "2048"]
[BlackElo "1882"]
[PlyCount "69"]
[EventDate "2016.02.06"]
[EventType "tourn"]
[EventRounds "9"]
[EventCountry "USA"]

1. d4 d5 2. e4 dxe4 3. Nc3 Nf6 4. f3 exf3 5. Nxf3 g6 6. Be3 Bg4 7. h3 Bxf3 8.
Qxf3 c6 9. O-O-O Bg7 10. Bc4 O-O 11. g4 b5 12. Bxb5 cxb5 13. Qxa8 Qa5 14. Kb1
b4 15. Ne2 Nd5 16. Bd2 Nd7 17. Qb7 N7b6 18. a3 Qb5 19. Nf4 bxa3 20. b3 Rd8 21.
Nxd5 Qxd5 22. Qxd5 Rxd5 23. Bb4 Rd7 24. Bxa3 Nd5 25. Bb2 e6 26. Rhe1 a5 27. c4
Nf4 28. h4 Ng2 29. Re2 Nxh4 30. d5 Bxb2 31. Kxb2 exd5 32. Rxd5 Ra7 33. c5 Nf3
34. c6 Rc7 35. Rc2 1-0

[Event "Oregon Closed Invitational"]
[Site "Portland, OR"]
[Date "2016.02.14"]
[Round "7"]
[White "Surak, Steve S"]
[Black "Heywood, Bill"]
[Result "0-1"]
[WhiteElo "1960"]
[BlackElo "2048"]
[PlyCount "36"]
[EventDate "2016.02.06"]
[EventType "tourn"]
[EventRounds "9"]
[EventCountry "USA"]

1. d4 Nf6 2. Nc3 d5 3. e4 dxe4 4. f3 Bf5 5. fxe4 Nxe4 6. Qf3 Nd6 7. Bf4 e6 8.
O-O-O c6 9. g4 Bg6 10. Bd3 Bxd3 11. Rxd3 Be7 12. Nge2 Na6 13. Rf1 O-O 14. Qf2
Nb4 15. Rh3 Nd5 16. Bxd6 Nxc3 17. Nxc3 Qxd6 18. Kb1 f5 0-1

[Event "Oregon Closed Invitational"]
[Site "Portland, OR"]
[Date "2016.02.14"]
[Round "8"]
[White "Rachmuth, Moshe Shai"]
[Black "Surak, Steve S"]
[Result "1/2-1/2"]
[WhiteElo "1882"]
[BlackElo "1960"]
[PlyCount "25"]
[EventDate "2016.02.06"]
[EventType "tourn"]
[EventRounds "9"]
[EventCountry "USA"]

1. d4 e6 2. e4 d5 3. Nc3 Bb4 4. exd5 exd5 5. Bd3 Ne7 6. Bd2 Nbc6 7. Nce2 Bd6 8.
c3 Bf5 9. Qc2 Qd7 10. Bxf5 Qxf5 11. Qxf5 Nxf5 12. Nf3 Kd7 13. O-O 1/2-1/2

[Event "Oregon Closed Invitational"]
[Site "Portland, OR"]
[Date "2016.02.14"]
[Round "8"]
[White "O'Connell, Sean"]
[Black "Freeze, Gregory"]
[Result "1-0"]
[WhiteElo "1970"]
[BlackElo "2048"]
[PlyCount "81"]
[EventDate "2016.02.06"]
[EventType "tourn"]
[EventRounds "9"]
[EventCountry "USA"]

1. Nf3 d5 2. c4 d4 3. g3 c5 4. Bg2 Nc6 5. O-O Nf6 6. d3 e5 7. Bd2 Bd6 8. a3 a5
9. a4 O-O 10. Na3 h6 11. Nb5 Re8 12. e4 Bf8 13. Nh4 Na7 14. Qe1 Nxb5 15. axb5
b6 16. f4 Ra7 17. Nf3 Bd6 18. f5 Kh7 19. h3 Rg8 20. g4 g5 21. fxg6+ fxg6 22.
Qh4 h5 23. Qg5 Nxg4 24. hxg4 Qxg5 25. Nxg5+ Kg7 26. gxh5 gxh5 27. Rf2 Be7 28.
Raf1 Kg6 29. Nf3 Bf6 30. Kh2 Rag7 31. Bh3 Bxh3 32. Kxh3 Kh7 33. Kh2 h4 34. Rg1
Rg3 35. Rfg2 Rxg2+ 36. Rxg2 Rxg2+ 37. Kxg2 Kg6 38. Kh3 Kh5 39. Be1 Bg5 40. Nxg5
Kxg5 41. Bxa5 1-0

[Event "Oregon Closed Invitational"]
[Site "Portland, OR"]
[Date "2016.02.14"]
[Round "8"]
[White "Jacobi, Gunther"]
[Black "Deeth, Steven B"]
[Result "0-1"]
[WhiteElo "1941"]
[BlackElo "2062"]
[PlyCount "106"]
[EventDate "2016.02.06"]
[EventType "tourn"]
[EventRounds "9"]
[EventCountry "USA"]

1. d4 d5 2. Bf4 Nf6 3. e3 c5 4. c3 Nc6 5. h3 Qb6 6. Qb3 c4 7. Qxb6 axb6 8. Nf3
Bf5 9. Nbd2 h6 10. Be2 e6 11. O-O Be7 12. Ne5 O-O 13. Rfe1 Nxe5 14. dxe5 Nd7
15. e4 Bg6 16. exd5 exd5 17. Nf3 Nc5 18. Nd4 Ne6 19. Be3 Bc5 20. Red1 Rfd8 21.
a3 Bxd4 22. Rxd4 Nxd4 23. Bxd4 b5 24. Re1 Re8 25. Bf3 Rad8 26. Re3 Bf5 27. g4
Bd3 28. h4 g5 29. Bg2 Re6 30. h5 Be4 31. Rxe4 dxe4 32. Bxe4 f6 33. Bxb7 fxe5
34. Be3 Kg7 35. Be4 Red6 36. Kg2 Rd2 37. Bf5 Rxb2 38. Kf3 Rb3 39. Ke4 Kf6 40.
Bb6 Rd1 41. Bc7 Re1+ 42. Kd5 Rxa3 43. Bd8+ Kg7 44. Kc5 Rxc3 45. Kxb5 Rcc1 46.
Ba5 Re2 47. f3 c3 48. Kb4 Re3 49. Be4 Rd1 50. Kb3 Rxe4 51. fxe4 Rd4 52. Bxc3
Rxe4 53. Kc2 Kf6 0-1